[Event "Cole Harbour"]
[Site "Cole Harbour CAN"]
[Date "2005.05.15"]
[Round "5"]
[White "Mayo, Alvah"]
[Black "Ng, Gary"]
[Result "0-1"]
[WhiteElo "2068"]
[BlackElo "2134"]
[PlyCount "72"]
[GameId "2160767910968416"]
[EventDate "2005.05.13"]
[EventType "tourn"]
[EventRounds "5"]
[EventCountry "CAN"]
[SourceTitle "EXT 2022"]
[Source "ChessBase"]
[SourceDate "2021.10.06"]
[SourceVersion "1"]
[SourceVersionDate "2021.10.06"]
[SourceQuality "1"]

1. e4 b6 2. d4 Bb7 3. Bd3 Nf6 4. Qe2 Nc6 5. c3 e5 6. Nf3 exd4 7. e5 Nd5 8. Be4 Nde7 9. cxd4 d5 10. Bc2 Qd7 11. Ba4 O-O-O 12. Bg5 h6 13. Bxe7 Bxe7 14. O-O Kb8 15. Nc3 Qe6 16. a3 g5 17. Qd3 h5 18. Nd2 Rdg8 19. Rfc1 g4 20. Rc2 h4 21. Nb5 g3 22. fxg3 hxg3 23. hxg3 Qg4 24. Rac1 Rg6 25. Bb3 a6 26. Bxd5 axb5 27. Bxc6 Bxc6 28. Rxc6 Bc5 29. R1xc5 bxc5 30. Qxb5+ Kc8 31. Nf3 Qe4 32. Qa6+ Kd7 33. e6+ Rxe6 34. Rxe6 fxe6 35. Qb5+ c6 36. Ne5+ Qxe5 0-1

[Event "Daffodil op"]
[Site "Victoria CAN"]
[Date "2005.04.23"]
[Round "1.1"]
[White "Yoos, John"]
[Black "Jiang, Louie"]
[Result "1-0"]
[WhiteElo "2419"]
[BlackElo "1704"]
[PlyCount "57"]
[GameId "2160767910968712"]
[EventDate "2005.04.23"]
[EventType "swiss"]
[EventRounds "4"]
[EventCountry "CAN"]
[SourceTitle "EXT 2022"]
[Source "ChessBase"]
[SourceDate "2021.10.06"]
[SourceVersion "1"]
[SourceVersionDate "2021.10.06"]
[SourceQuality "1"]

1. e4 c5 2. Nf3 d6 3. d4 cxd4 4. Nxd4 Nf6 5. Nc3 g6 6. Be3 Bg7 7. f3 O-O 8. Qd2 Nc6 9. Bc4 Bd7 10. O-O-O Rc8 11. Bb3 a6 12. h4 Ne5 13. h5 Nc4 14. Bxc4 Rxc4 15. g4 b5 16. Kb1 b4 17. Nd5 Nxd5 18. exd5 a5 19. hxg6 fxg6 20. Qh2 Kf7 21. Qxh7 Rg8 22. Rh6 Kf8 23. Rxg6 Qe8 24. Ne6+ Bxe6 25. dxe6 Qc8 26. Rxg7 Qxe6 27. Rxg8+ Qxg8 28. Bh6+ Ke8 29. Qxg8+ 1-0

[Event "Daffodil op"]
[Site "Victoria CAN"]
[Date "2005.04.23"]
[Round "1.2"]
[White "Jones, Cliff"]
[Black "Moore, Harry"]
[Result "0-1"]
[WhiteElo "1687"]
[BlackElo "2308"]
[PlyCount "88"]
[GameId "2160767910968713"]
[EventDate "2005.04.23"]
[EventType "swiss"]
[EventRounds "4"]
[EventCountry "CAN"]
[SourceTitle "EXT 2022"]
[Source "ChessBase"]
[SourceDate "2021.10.06"]
[SourceVersion "1"]
[SourceVersionDate "2021.10.06"]
[SourceQuality "1"]

1. e4 c5 2. Nf3 e6 3. d3 d5 4. Nbd2 Nc6 5. g3 Nf6 6. Bg2 Be7 7. O-O O-O 8. e5 Nd7 9. Re1 Qc7 10. Qe2 b5 11. h4 a5 12. Nf1 b4 13. Bf4 Ba6 14. Ne3 Qb6 15. Rab1 a4 16. a3 Rab8 17. Qd1 bxa3 18. bxa3 Qa5 19. Bh3 Rxb1 20. Qxb1 Nd4 21. Nxd4 cxd4 22. Nf1 Bxa3 23. Bd2 Qc5 24. f4 Rb8 25. Qd1 Rb2 26. f5 exf5 27. e6 fxe6 28. Rxe6 Bb5 29. Bxf5 Nf8 30. Qf3 Nxe6 31. Bxe6+ Kh8 32. Qf7 Qf8 33. Bc1 Qxf7 34. Bxf7 Bc6 35. Be6 Ra2 36. Bxa3 Rxa3 37. Nd2 Ra2 38. Nf3 Rxc2 39. Nxd4 Rc1+ 40. Kf2 a3 41. Nxc6 Rxc6 42. Bxd5 Rd6 43. Ba2 Rxd3 44. h5 Rd2+ 0-1

[Event "Daffodil op"]
[Site "Victoria CAN"]
[Date "2005.04.23"]
[Round "1.3"]
[White "Martinovsky, Ian"]
[Black "Martinson, Rick"]
[Result "1-0"]
[WhiteElo "2231"]
[BlackElo "1679"]
[PlyCount "81"]
[GameId "2160767910968714"]
[EventDate "2005.04.23"]
[EventType "swiss"]
[EventRounds "4"]
[EventCountry "CAN"]
[SourceTitle "EXT 2022"]
[Source "ChessBase"]
[SourceDate "2021.10.06"]
[SourceVersion "1"]
[SourceVersionDate "2021.10.06"]
[SourceQuality "1"]

1. Nc3 e5 2. d4 exd4 3. Qxd4 Nc6 4. Qa4 Nf6 5. Nf3 Be7 6. e4 d6 7. Bf4 O-O 8. O-O-O Qe8 9. Bb5 Bd7 10. Rhe1 a6 11. Bxc6 Bxc6 12. Qc4 b5 13. Qf1 Qc8 14. h3 Re8 15. Nd4 Bd7 16. g4 b4 17. Nb1 Bf8 18. f3 g6 19. h4 Bg7 20. h5 Nxg4 21. hxg6 hxg6 22. fxg4 Bxg4 23. Rd2 a5 24. Bg5 Qb7 25. Qf4 Bh5 26. c4 Be5 27. Qf1 c6 28. Bf4 Qc7 29. Bxe5 Rxe5 30. Nc2 Rae8 31. Rf2 Rxe4 32. Rxe4 Rxe4 33. Nd2 Re5 34. Nf3 Bxf3 35. Rxf3 d5 36. c5 Qe7 37. Qf2 f5 38. Rg3 Kg7 39. Kd1 Qf6 40. Qf4 Qe7 41. Nd4 1-0

[Event "Daffodil op"]
[Site "Victoria CAN"]
[Date "2005.04.23"]
[Round "1.4"]
[White "Churchill, Sam"]
[Black "Pitre, Hanniegn"]
[Result "0-1"]
[WhiteElo "1605"]
[BlackElo "1981"]
[PlyCount "36"]
[GameId "2160767910968715"]
[EventDate "2005.04.23"]
[EventType "swiss"]
[EventRounds "4"]
[EventCountry "CAN"]
[SourceTitle "EXT 2022"]
[Source "ChessBase"]
[SourceDate "2021.10.06"]
[SourceVersion "1"]
[SourceVersionDate "2021.10.06"]
[SourceQuality "1"]

1. e4 d5 2. exd5 Nf6 3. d4 Bg4 4. f3 Bf5 5. Bb5+ Nbd7 6. c4 a6 7. Bxd7+ Qxd7 8. Be3 O-O-O 9. Ne2 e6 10. dxe6 Qxe6 11. Qb3 Bb4+ 12. Kf2 Rhe8 13. Nf4 Qe7 14. Nd2 g5 15. Rhe1 gxf4 16. Bxf4 Qf8 17. a3 Bxd2 18. Bxd2 Qd6 0-1

[Event "Daffodil op"]
[Site "Victoria CAN"]
[Date "2005.04.23"]
[Round "1.5"]
[White "Aquino, Manfrei"]
[Black "Raymer, Elliot"]
[Result "1-0"]
[WhiteElo "1950"]
[BlackElo "1513"]
[PlyCount "97"]
[GameId "2160767910968716"]
[EventDate "2005.04.23"]
[EventType "swiss"]
[EventRounds "4"]
[EventCountry "CAN"]
[SourceTitle "EXT 2022"]
[Source "ChessBase"]
[SourceDate "2021.10.06"]
[SourceVersion "1"]
[SourceVersionDate "2021.10.06"]
[SourceQuality "1"]

1. d4 Nf6 2. c4 e6 3. Nf3 b6 4. a3 Bb7 5. Nc3 d5 6. cxd5 exd5 7. Bg5 Be7 8. e3 O-O 9. Bd3 c5 10. O-O Nbd7 11. Rc1 Rc8 12. dxc5 bxc5 13. Qe2 c4 14. Bb1 Nc5 15. Nd4 Nfe4 16. Bxe7 Qxe7 17. Nxe4 Nxe4 18. Bxe4 Qxe4 19. Qf3 Qxf3 20. Nxf3 Ba6 21. Rfd1 Rfd8 22. Rd2 Rb8 23. Nd4 Rdc8 24. Ne2 Rd8 25. Rcd1 Bb7 26. Nc3 h6 27. e4 d4 28. Rxd4 Rxd4 29. Rxd4 Ba6 30. Rd2 Kf8 31. f3 Ke7 32. Nd5+ Kf8 33. Kf2 f6 34. Ke3 Bb7 35. Kd4 Bxd5 36. exd5 Rc8 37. Rc2 Ke7 38. Rxc4 Rb8 39. b4 Kd6 40. Rc6+ Kd7 41. Kc5 Re8 42. Ra6 Ra8 43. b5 Rc8+ 44. Kd4 Rc7 45. d6 Rb7 46. Kc5 g5 47. g4 Kd8 48. Kc6 Kc8 49. b6 1-0

[Event "Daffodil op"]
[Site "Victoria CAN"]
[Date "2005.04.23"]
[Round "1.9"]
[White "Sauve, Ronald"]
[Black "Ruiter, Erika"]
[Result "1-0"]
[WhiteElo "1815"]
[BlackElo "1090"]
[PlyCount "107"]
[GameId "2160767910968717"]
[EventDate "2005.04.23"]
[EventType "swiss"]
[EventRounds "4"]
[EventCountry "CAN"]
[SourceTitle "EXT 2022"]
[Source "ChessBase"]
[SourceDate "2021.10.06"]
[SourceVersion "1"]
[SourceVersionDate "2021.10.06"]
[SourceQuality "1"]

1. d4 Nf6 2. c4 c5 3. d5 e6 4. Nc3 g6 5. e4 e5 6. f4 d6 7. Nf3 Bg4 8. Be2 Nbd7 9. O-O Bg7 10. fxe5 Nxe5 11. Nxe5 Bxe2 12. Qxe2 dxe5 13. Qf2 b6 14. Bg5 O-O 15. Bxf6 Bxf6 16. Qxf6 Qxf6 17. Rxf6 Rfe8 18. Raf1 Re7 19. a4 Rd8 20. Na2 Rb8 21. Nc1 a6 22. Nd3 b5 23. cxb5 axb5 24. Nxc5 bxa4 25. Nxa4 Ra7 26. Nc5 Rxb2 27. Nd3 Rd2 28. Nxe5 Raa2 29. R1f2 Rxf2 30. Rxf2 Ra1+ 31. Rf1 Rxf1+ 32. Kxf1 f5 33. exf5 gxf5 34. Kf2 Kg7 35. d6 Kf8 36. d7 Ke7 37. Kf3 Kd8 38. Kf4 Ke7 39. Kxf5 Kd8 40. Kf6 h5 41. Kg5 Ke7 42. Kxh5 Kd8 43. Kg6 Ke7 44. h4 Kd8 45. Kf7 Kc7 46. Ke7 Kb6 47. d8=Q+ Kc5 48. Qd6+ Kb5 49. Qc6+ Kb4 50. Qc4+ Ka5 51. Qb3 Ka6 52. Kd6 Ka7 53. Kc6 Ka8 54. Qb7# 1-0

[Event "Daffodil op"]
[Site "Victoria CAN"]
[Date "2005.04.23"]
[Round "2.1"]
[White "Harris, Philip"]
[Black "Yoos, John"]
[Result "0-1"]
[WhiteElo "1919"]
[BlackElo "2419"]
[PlyCount "38"]
[GameId "2160767910968718"]
[EventDate "2005.04.23"]
[EventType "swiss"]
[EventRounds "4"]
[EventCountry "CAN"]
[SourceTitle "EXT 2022"]
[Source "ChessBase"]
[SourceDate "2021.10.06"]
[SourceVersion "1"]
[SourceVersionDate "2021.10.06"]
[SourceQuality "1"]

1. d4 Nf6 2. Bg5 c5 3. d5 Ne4 4. Bh4 Qb6 5. Qc1 e6 6. f3 Qb4+ 7. Kd1 Qd4+ 8. Ke1 Nd6 9. Bf2 Qxd5 10. Nc3 Qc6 11. e4 f5 12. Qe3 fxe4 13. fxe4 Nf7 14. Nf3 Be7 15. e5 Qb6 16. b3 Qa5 17. Nd2 Nxe5 18. Bg3 Nbc6 19. Bb5 Nd4 0-1

[Event "Daffodil op"]
[Site "Victoria CAN"]
[Date "2005.04.23"]
[Round "2.1"]
[White "Wild, Joshua"]
[Black "Jones, Cliff"]
[Result "1/2-1/2"]
[WhiteElo "1415"]
[BlackElo "1687"]
[PlyCount "100"]
[GameId "2160767910968719"]
[EventDate "2005.04.23"]
[EventType "swiss"]
[EventRounds "4"]
[EventCountry "CAN"]
[SourceTitle "EXT 2022"]
[Source "ChessBase"]
[SourceDate "2021.10.06"]
[SourceVersion "1"]
[SourceVersionDate "2021.10.06"]
[SourceQuality "1"]

1. e4 d5 2. exd5 Qxd5 3. Nc3 Qd8 4. Nf3 Nf6 5. Bc4 Bf5 6. d4 e6 7. a3 c6 8. Be3 Bd6 9. Bd3 Bxd3 10. Qxd3 Qc7 11. O-O-O Nbd7 12. Ne2 O-O-O 13. c4 c5 14. Qb3 Kb8 15. dxc5 Nxc5 16. Qc2 Ka8 17. Ned4 a6 18. b4 Ncd7 19. c5 Bf4 20. Kb1 Bxe3 21. fxe3 Ne5 22. Nxe5 Qxe5 23. c6 Qe4 24. Qxe4 Nxe4 25. Rc1 Rc8 26. b5 axb5 27. cxb7+ Kxb7 28. Nxb5 Rhd8 29. Rhd1 Rxc1+ 30. Rxc1 Rc8 31. Rxc8 Kxc8 32. Kc2 Kb7 33. Kd3 Nf2+ 34. Kd4 Kc6 35. Nc3 Ng4 36. h3 Nf6 37. Ne4 Nd7 38. Ng5 e5+ 39. Ke4 f6 40. Nxh7 g6 41. g4 Kb5 42. Kd5 Nb6+ 43. Ke6 Nc4 44. Kxf6 e4 45. Ng5 Nxa3 46. Kxg6 Nc4 47. Nxe4 Nxe3 48. g5 Kc6 49. Kf7 Kd5 50. g6 Kxe4 1/2-1/2

[Event "Daffodil op"]
[Site "Victoria CAN"]
[Date "2005.04.23"]
[Round "2.3"]
[White "Leblanc, Paul"]
[Black "Martinovsky, Ian"]
[Result "0-1"]
[WhiteElo "1876"]
[BlackElo "2231"]
[PlyCount "38"]
[GameId "2160767910968720"]
[EventDate "2005.04.23"]
[EventType "swiss"]
[EventRounds "4"]
[EventCountry "CAN"]
[SourceTitle "EXT 2022"]
[Source "ChessBase"]
[SourceDate "2021.10.06"]
[SourceVersion "1"]
[SourceVersionDate "2021.10.06"]
[SourceQuality "1"]

1. d4 g6 2. g3 c6 3. Bg2 Bg7 4. Nf3 d6 5. O-O Nf6 6. c4 O-O 7. Nc3 Qa5 8. Bd2 Qh5 9. Re1 Na6 10. e4 e5 11. Rb1 Bg4 12. dxe5 dxe5 13. Be3 Nc7 14. h4 Ne6 15. Qe2 Rfe8 16. Red1 h6 17. Rd3 Nh7 18. Rbd1 f5 19. Nb1 fxe4 0-1

[Event "Daffodil op"]
[Site "Victoria CAN"]
[Date "2005.04.23"]
[Round "2.4"]
[White "Losel, Francis"]
[Black "Aquino, Manfrei"]
[Result "0-1"]
[WhiteElo "1160"]
[BlackElo "1950"]
[PlyCount "54"]
[GameId "2160767910968721"]
[EventDate "2005.04.23"]
[EventType "swiss"]
[EventRounds "4"]
[EventCountry "CAN"]
[SourceTitle "EXT 2022"]
[Source "ChessBase"]
[SourceDate "2021.10.06"]
[SourceVersion "1"]
[SourceVersionDate "2021.10.06"]
[SourceQuality "1"]

1. e4 e5 2. f4 Bc5 3. Nf3 d6 4. Bc4 Nf6 5. d3 Nc6 6. h3 Qe7 7. Nc3 a6 8. f5 h6 9. Qe2 Bd7 10. Be3 Nd4 11. Bxd4 exd4 12. Nd5 Nxd5 13. Bxd5 O-O-O 14. O-O-O Bxf5 15. Rhf1 Be6 16. Bxe6+ Qxe6 17. Kb1 Rhe8 18. Rf2 d5 19. Nd2 f5 20. Nb3 Bb6 21. Rdf1 fxe4 22. Rf5 c5 23. Qh5 g6 24. Rf6 Qxf6 25. Rxf6 gxh5 26. Rxb6 e3 27. Nxc5 e2 0-1

[Event "Daffodil op"]
[Site "Victoria CAN"]
[Date "2005.04.23"]
[Round "2.5"]
[White "Pitre, Hanniegn"]
[Black "Sauve, Ronald"]
[Result "1-0"]
[WhiteElo "1981"]
[BlackElo "1815"]
[PlyCount "53"]
[GameId "2160767910968722"]
[EventDate "2005.04.23"]
[EventType "swiss"]
[EventRounds "4"]
[EventCountry "CAN"]
[SourceTitle "EXT 2022"]
[Source "ChessBase"]
[SourceDate "2021.10.06"]
[SourceVersion "1"]
[SourceVersionDate "2021.10.06"]
[SourceQuality "1"]

1. e4 c5 2. b4 cxb4 3. Bb2 d6 4. d4 Nf6 5. Nd2 e6 6. Bd3 Be7 7. Ngf3 Nbd7 8. Qe2 b6 9. O-O Bb7 10. Ng5 h6 11. Nxe6 fxe6 12. e5 dxe5 13. Bg6+ Kf8 14. dxe5 Nxe5 15. Bxe5 Qd5 16. Nf3 Ng4 17. c4 Qc6 18. Rac1 Nxe5 19. Qxe5 Bf6 20. Qg3 Qc5 21. Rfe1 Bxf3 22. Qxf3 Ke7 23. Qb7+ Kd6 24. Rcd1+ Bd4 25. Re4 e5 26. Rdxd4+ exd4 27. Qe7+ 1-0

[Event "Daffodil op"]
[Site "Victoria CAN"]
[Date "2005.04.23"]
[Round "2.7"]
[White "Jiang, Louie"]
[Black "Breel, Kevin"]
[Result "1-0"]
[WhiteElo "1704"]
[BlackElo "1416"]
[PlyCount "123"]
[GameId "2160767910968723"]
[EventDate "2005.04.23"]
[EventType "swiss"]
[EventRounds "4"]
[EventCountry "CAN"]
[SourceTitle "EXT 2022"]
[Source "ChessBase"]
[SourceDate "2021.10.06"]
[SourceVersion "1"]
[SourceVersionDate "2021.10.06"]
[SourceQuality "1"]

1. e4 c6 2. d4 d5 3. Nc3 dxe4 4. Nxe4 Bf5 5. Ng3 Bg6 6. h4 h6 7. Nf3 Nd7 8. h5 Bh7 9. Bd3 Bxd3 10. Qxd3 Qc7 11. Be3 Ngf6 12. O-O-O e6 13. Kb1 O-O-O 14. c4 Ng4 15. Qe2 Nxe3 16. Qxe3 c5 17. Qc3 Nf6 18. Qc2 cxd4 19. Nxd4 Bc5 20. Nb5 Qb6 21. f3 Bf2 22. Ne4 Nxe4 23. Qxe4 Bc5 24. g4 Bb4 25. a3 Bc5 26. Ka2 a6 27. Nc3 Qa5 28. Qc2 Rd4 29. Rxd4 Bxd4 30. Ne2 Bf6 31. Rd1 Rd8 32. Rxd8+ Qxd8 33. Nc3 Qc7 34. Ne4 Be5 35. Qd3 Qd7 36. Qe3 Qd4 37. Qxd4 Bxd4 38. Nd6+ Kc7 39. Nxf7 Kd7 40. b4 Ke7 41. Nh8 Kf6 42. Ng6 Kg5 43. Kb3 e5 44. Kc2 e4 45. fxe4 Kxg4 46. Kd3 Ba1 47. e5 Kf5 48. b5 axb5 49. cxb5 Bxe5 50. Nxe5 Kxe5 51. a4 b6 52. Kc4 Kf5 53. a5 bxa5 54. b6 Kg5 55. b7 Kxh5 56. b8=Q g5 57. Qb5 Kh4 58. Kd3 h5 59. Ke3 g4 60. Kf2 g3+ 61. Kg2 Kg4 62. Qxa5 1-0

[Event "Daffodil op"]
[Site "Victoria CAN"]
[Date "2005.04.23"]
[Round "2.8"]
[White "Martinson, Rick"]
[Black "Ruiter, Chelsea"]
[Result "1-0"]
[WhiteElo "1679"]
[BlackElo "1091"]
[PlyCount "59"]
[GameId "2160767910968724"]
[EventDate "2005.04.23"]
[EventType "swiss"]
[EventRounds "4"]
[EventCountry "CAN"]
[SourceTitle "EXT 2022"]
[Source "ChessBase"]
[SourceDate "2021.10.06"]
[SourceVersion "1"]
[SourceVersionDate "2021.10.06"]
[SourceQuality "1"]

1. d4 Nf6 2. c4 c5 3. d5 d6 4. Nc3 Bf5 5. f3 e6 6. e4 Bg6 7. Nh3 Be7 8. Bd3 Nbd7 9. O-O O-O 10. Nf4 Ne5 11. dxe6 Nxd3 12. Qxd3 Nh5 13. exf7+ Rxf7 14. Nxg6 hxg6 15. Nd5 Bf6 16. g4 Bd4+ 17. Be3 Bxe3+ 18. Qxe3 Nf6 19. Rad1 Qa5 20. a3 Nxd5 21. Rxd5 Qb6 22. Rf2 Re8 23. Qd3 Rd7 24. f4 Kf7 25. e5 Red8 26. Rd2 Ke7 27. e6 Kxe6 28. Qxg6+ Ke7 29. Qxg7+ Ke6 30. Re2# 1-0

[Event "Daffodil op"]
[Site "Victoria CAN"]
[Date "2005.04.24"]
[Round "3.1"]
[White "Yoos, John"]
[Black "Pitre, Hanniegn"]
[Result "1-0"]
[WhiteElo "2419"]
[BlackElo "1981"]
[PlyCount "49"]
[GameId "2160767910968725"]
[EventDate "2005.04.23"]
[EventType "swiss"]
[EventRounds "4"]
[EventCountry "CAN"]
[SourceTitle "EXT 2022"]
[Source "ChessBase"]
[SourceDate "2021.10.06"]
[SourceVersion "1"]
[SourceVersionDate "2021.10.06"]
[SourceQuality "1"]

1. e4 d5 2. exd5 Nf6 3. Nf3 Qxd5 4. d4 Bg4 5. Be2 Nc6 6. h3 Qh5 7. Bf4 O-O-O 8. c3 Bxf3 9. Bxf3 Qf5 10. Be3 e5 11. Bxc6 bxc6 12. O-O c5 13. Qa4 exd4 14. cxd4 cxd4 15. Bxd4 Rxd4 16. Qxd4 Bc5 17. Qd1 Rd8 18. Qe2 h5 19. Nc3 g5 20. Qa6+ Kb8 21. Qb5+ Kc8 22. b4 Rd3 23. bxc5 Rxc3 24. Rfd1 Nd7 25. Qa6+ 1-0

[Event "Daffodil op"]
[Site "Victoria CAN"]
[Date "2005.04.24"]
[Round "3.5"]
[White "Sauve, Ronald"]
[Black "Martinson, Rick"]
[Result "0-1"]
[WhiteElo "1815"]
[BlackElo "1679"]
[PlyCount "52"]
[GameId "2160767910968726"]
[EventDate "2005.04.23"]
[EventType "swiss"]
[EventRounds "4"]
[EventCountry "CAN"]
[SourceTitle "EXT 2022"]
[Source "ChessBase"]
[SourceDate "2021.10.06"]
[SourceVersion "1"]
[SourceVersionDate "2021.10.06"]
[SourceQuality "1"]

1. d4 Nf6 2. c4 e6 3. Nc3 d5 4. Bg5 Be7 5. Nf3 O-O 6. e3 c6 7. Bd3 dxc4 8. Bxc4 Nbd7 9. Qc2 Qc7 10. Rc1 h6 11. Bh4 Re8 12. a3 Nd5 13. Bxe7 Rxe7 14. Bxd5 cxd5 15. Nxd5 Qa5+ 16. Nc3 Qd8 17. Qd2 Nf6 18. O-O b6 19. Rfd1 Bd7 20. Ne5 Rc8 21. Nxd7 Qxd7 22. Nb5 Rxc1 23. Rxc1 Qd5 24. f3 Qxb5 25. Kf2 Qe8 26. g4 Qb8 0-1

[Event "Daffodil op"]
[Site "Victoria CAN"]
[Date "2005.04.24"]
[Round "3.6"]
[White "Raymer, Evan"]
[Black "Losel, Francis"]
[Result "1-0"]
[WhiteElo "1622"]
[BlackElo "1160"]
[PlyCount "53"]
[GameId "2160767910968727"]
[EventDate "2005.04.23"]
[EventType "swiss"]
[EventRounds "4"]
[EventCountry "CAN"]
[SourceTitle "EXT 2022"]
[Source "ChessBase"]
[SourceDate "2021.10.06"]
[SourceVersion "1"]
[SourceVersionDate "2021.10.06"]
[SourceQuality "1"]

1. e4 c5 2. Nc3 d6 3. g3 Nc6 4. Bg2 Bd7 5. d3 g6 6. Nge2 Bg7 7. Be3 Nf6 8. h3 O-O 9. f4 Rc8 10. O-O e6 11. g4 Re8 12. d4 cxd4 13. Nxd4 Qb6 14. Qd2 Nxd4 15. Bxd4 Qb4 16. e5 Nd5 17. a3 Qc4 18. b3 Qc7 19. Nxd5 exd5 20. Bxd5 dxe5 21. fxe5 Bxe5 22. Bxf7+ Kg7 23. Bxe8 Rxe8 24. Rae1 Bc6 25. Rxe5 Rxe5 26. Qf4 Qe7 27. Qxe5+ 1-0

[Event "Daffodil op"]
[Site "Victoria CAN"]
[Date "2005.04.24"]
[Round "3.7"]
[White "Raymer, Elliot"]
[Black "Jiang, Louie"]
[Result "1-0"]
[WhiteElo "1513"]
[BlackElo "1704"]
[PlyCount "131"]
[GameId "2160767910968728"]
[EventDate "2005.04.23"]
[EventType "swiss"]
[EventRounds "4"]
[EventCountry "CAN"]
[SourceTitle "EXT 2022"]
[Source "ChessBase"]
[SourceDate "2021.10.06"]
[SourceVersion "1"]
[SourceVersionDate "2021.10.06"]
[SourceQuality "1"]

1. e4 c5 2. d4 cxd4 3. c3 dxc3 4. Nxc3 d6 5. Nf3 Nf6 6. Bc4 Nc6 7. e5 dxe5 8. Qxd8+ Nxd8 9. Nb5 Rb8 10. Nxe5 e6 11. Nxa7 Bb4+ 12. Ke2 O-O 13. Rd1 Bc5 14. Nb5 b6 15. Bg5 Bb7 16. Bxf6 gxf6 17. Nd7 Rc8 18. Nxf8 Kxf8 19. f3 Ke7 20. b3 Nc6 21. Rd2 e5 22. Rc1 Nd4+ 23. Nxd4 Bxd4 24. Rdc2 Bc5 25. Rd1 h6 26. Bb5 Rd8 27. Rxd8 Kxd8 28. Rc4 Bd4 29. Ra4 f5 30. Rc4 f6 31. b4 Bd5 32. Rc2 f4 33. a4 Be3 34. a5 bxa5 35. bxa5 Be6 36. a6 Ba7 37. Rc6 Bc8 38. Rxf6 h5 39. Rf7 Bc5 40. a7 Bxa7 41. Rxa7 Bf5 42. Bd3 Bd7 43. Ra8+ Ke7 44. Rh8 Be8 45. Rxe8+ Kxe8 46. Bg6+ Ke7 47. Bxh5 Kf6 48. h4 Kg7 49. Kd3 Kf6 50. Ke4 Ke6 51. Bg4+ Kd6 52. h5 Ke7 53. h6 Kf7 54. h7 Kg7 55. Bf5 Kh8 56. Kxe5 Kg7 57. Kxf4 Kh8 58. Kg5 Kg7 59. Bg6 Kh8 60. f4 Kg7 61. f5 Kh8 62. g4 Kg7 63. f6+ Kh8 64. f7 Kg7 65. h8=Q+ Kxh8 66. f8=Q# 1-0

[Event "Daffodil op"]
[Site "Victoria CAN"]
[Date "2005.04.24"]
[Round "4"]
[White "Raymer, Evan"]
[Black "Harris, Philip"]
[Result "1/2-1/2"]
[WhiteElo "1622"]
[BlackElo "1919"]
[PlyCount "41"]
[GameId "2160767910968729"]
[EventDate "2005.04.23"]
[EventType "swiss"]
[EventRounds "4"]
[EventCountry "CAN"]
[SourceTitle "EXT 2022"]
[Source "ChessBase"]
[SourceDate "2021.10.06"]
[SourceVersion "1"]
[SourceVersionDate "2021.10.06"]
[SourceQuality "1"]

1. c4 c6 2. d4 d5 3. cxd5 cxd5 4. e4 Nf6 5. Nc3 e6 6. exd5 exd5 7. Nf3 Be7 8. Bf4 Nc6 9. Qb3 O-O 10. Bd3 a6 11. O-O b5 12. h3 Bb7 13. Rac1 Rc8 14. Be5 Na5 15. Qd1 Nc4 16. Qe2 Re8 17. b3 Nb6 18. a4 Ne4 19. Bxe4 dxe4 20. Nxe4 Rxc1 21. Rxc1 1/2-1/2

[Event "Daffodil op"]
[Site "Victoria CAN"]
[Date "2005.04.24"]
[Round "4.1"]
[White "Martinovsky, Ian"]
[Black "Yoos, John"]
[Result "1/2-1/2"]
[WhiteElo "2231"]
[BlackElo "2419"]
[PlyCount "70"]
[GameId "2160767910968730"]
[EventDate "2005.04.23"]
[EventType "swiss"]
[EventRounds "4"]
[EventCountry "CAN"]
[SourceTitle "EXT 2022"]
[Source "ChessBase"]
[SourceDate "2021.10.06"]
[SourceVersion "1"]
[SourceVersionDate "2021.10.06"]
[SourceQuality "1"]

1. Nc3 c5 2. Nf3 Nc6 3. d4 cxd4 4. Nxd4 g6 5. Bf4 d6 6. e3 Bg7 7. Bc4 Nf6 8. O-O O-O 9. Qf3 Na5 10. Bd5 Nxd5 11. Qxd5 e5 12. Bg5 Qxg5 13. Qxa5 Bh3 14. Qd5 Bxg2 15. Qxg2 Qxg2+ 16. Kxg2 exd4 17. exd4 Bxd4 18. Rad1 Bxc3 19. bxc3 Rfd8 20. Rd3 Rac8 21. Rb1 Rd7 22. Rb4 Rc6 23. Ra4 b6 24. Rad4 Kf8 25. Kf1 Ke7 26. Rh4 h5 27. Ke2 Rc5 28. Ra4 Rdc7 29. Kd2 Rc4 30. Rb4 R4c5 31. Ra4 Rg5 32. Re4+ Re5 33. Rdd4 Rc6 34. Ra4 a5 35. Red4 d5 1/2-1/2

[Event "Dan MacAdam mem"]
[Site "Victoria CAN"]
[Date "2005.01.22"]
[Round "1.1"]
[White "Yoos, John"]
[Black "Wu, Howard"]
[Result "1-0"]
[WhiteElo "2390"]
[BlackElo "2198"]
[PlyCount "75"]
[GameId "2160767911031454"]
[EventDate "2005.01.22"]
[EventType "swiss"]
[EventRounds "4"]
[EventCountry "CAN"]

1. e4 c5 2. Nf3 Nc6 3. d4 cxd4 4. Nxd4 Nf6 5. Nc3 d6 6. Bg5 e6 7. Qd2 a6 8. O-O-O Bd7 9. f4 Qb6 10. Nxc6 Bxc6 11. Qe1 O-O-O 12. Bxf6 gxf6 13. Qh4 Rg8 14. Qxh7 Bg7 15. f5 Qe3+ 16. Kb1 Bxe4 17. Nxe4 Qxe4 18. Bd3 Qg4 19. h3 Qg5 20. fxe6 fxe6 21. Rhe1 e5 22. h4 Qg3 23. Be4 Kb8 24. c4 Rh8 25. Qf5 Rxh4 26. Qe6 Qg4 27. Qd5 Qc8 28. g3 Rhh8 29. g4 Bh6 30. Rd3 Qc6 31. Qf7 Qd7 32. Qxf6 Qxg4 33. Rb3 b5 34. cxb5 a5 35. Qf2 d5 36. Qb6+ Ka8 37. Qxa5+ Kb8 38. Qb6+ 1-0

[Event "Dan MacAdam mem"]
[Site "Victoria CAN"]
[Date "2005.01.22"]
[Round "1.2"]
[White "Struthers, Matthew"]
[Black "Gansvind, Valeriya"]
[Result "1/2-1/2"]
[WhiteElo "2016"]
[BlackElo "2308"]
[PlyCount "118"]
[GameId "2160767911031455"]
[EventDate "2005.01.22"]
[EventType "swiss"]
[EventRounds "4"]
[EventCountry "CAN"]

1. d4 Nf6 2. c4 e5 3. Bg5 h6 4. Bh4 exd4 5. Qxd4 Be7 6. Nc3 Nc6 7. Qd2 Ne5 8. e3 O-O 9. f4 Ng6 10. Bf2 Bb4 11. Bd3 Re8 12. Nge2 Bxc3 13. Qxc3 Ng4 14. e4 Nxf2 15. Kxf2 d6 16. g3 a5 17. Rae1 Nf8 18. Ng1 Nd7 19. Nf3 Nc5 20. Bb1 Bg4 21. Nd2 Bd7 22. b3 Bc6 23. Rhg1 b6 24. Re2 Nd7 25. h3 Nf8 26. Nf3 Qc8 27. Nd4 Bd7 28. g4 Qd8 29. g5 hxg5 30. Rxg5 Qf6 31. Qe3 Re5 32. Nf5 Rxf5 33. exf5 Re8 34. Qd2 Rxe2+ 35. Kxe2 Bc6 36. Rg3 Nd7 37. Qc3 Qxc3 38. Rxc3 Kf8 39. Rg3 Nf6 40. Ke3 Bb7 41. Rg1 d5 42. cxd5 Nxd5+ 43. Kf3 Nc3+ 44. Kg4 Nd5 45. Rc1 c5 46. Kg3 Nf6 47. Re1 Bc6 48. Bd3 Bd5 49. Bb5 Be4 50. Rd1 Ke7 51. Bd3 Bc6 52. Re1+ Kf8 53. Re5 Ne8 54. Bc4 Nd6 55. a4 Ne4+ 56. Kh2 Nf6 57. Kg3 Nh5+ 58. Kg4 Nf6+ 59. Kg3 Nh5+ 1/2-1/2